| 000 | 01104nam a2200325Ia 4500 | ||
|---|---|---|---|
| 001 | Z_369 | ||
| 003 | CHAP | ||
| 008 | 220113s1987 xx 000 0 und d | ||
| 010 | _a163345 | ||
| 040 | _cCHAP | ||
| 090 | _aTesis CH 370 | ||
| 100 |
_aChávez Acosta, Armando _922655 |
||
| 245 |
_aUso de subproductos aditivos y estimulantes del crecimiento para bovinos de engorda intensiva / _cpor Armando Chávez Acosta y Silvia Angeles Guzmán Enciso |
||
| 260 |
_aChapingo, Méx. : _bEl autor, _c1987 |
||
| 300 | _a110 h. | ||
| 440 | _a | ||
| 502 | _aTesis (Ing. Agrónomo Esp. en Zootecnia) -- UACH. Departamento de Zootecnia | ||
| 503 | _a | ||
| 650 |
_aAgricultura _xSubproductos _91826 |
||
| 650 |
_aGanado vacuno _xAlimentación _945429 |
||
| 650 |
_aGanado vacuno _xCrecimiento I. UACH. Departamento de Zootecnia II. Guzmán Enciso, Silvia Angeles III. t. _9137601 |
||
| 650 |
_aGanado vacuno _xEngorda _945461 |
||
| 650 |
_aHormonas _xEfecto en animales domésticos _956236 |
||
| 901 | _aTesis CH 370 | ||
| 902 | _aA | ||
| 910 | _a1987 | ||
| 942 | _c2 | ||
| 942 | _c2 | ||
| 999 |
_c163345 _d163345 |
||